Guess the NRL Player from their Club History #3 - Statistics

General Stats
  • This quiz has been taken 99 times
  • The average score is 4 of 12
Answer Stats
Picture Answer % Correct
Josh Addo-Carr
85%
Martin Taupau
57%
Roger Tuivasa-Sheck
56%
Euan Aitken
54%
Blake Ferguson
42%
Cameron McInnes
34%
Darius Boyd
28%
Corey Norman
20%
Michael Jennings
20%
Dylan Napa
19%
Herman Ese'ese
18%
Brent Tate
13%
No matching quizzes found
Score Distribution
Percent of People with Each Score
Percentile by Number Answered
Your Score History
You have not taken this quiz